A magyar igazságszolgáltatás hatékonysága

Elmentve itt :
Bibliográfiai részletek
Szerző: Gavallér Fanni Mara
Dokumentumtípus: Cikk
Megjelent: Szegedi Tudományegyetem, Állam- és Jogtudományi Kar, Összehasonlító Jogi és Jogelméleti Intézet Szeged 2024
Sorozat:Comparative Law Working Papers 8 No. 2
Kulcsszavak:Igazságszolgáltatás - Magyarország, Bíráskodás - Magyarország
Tárgyszavak:
Online Access:http://acta.bibl.u-szeged.hu/86703
LEADER 00862nab a2200205 i 4500
001 acta86703
005 20250218113302.0
008 250218s2024 hu o 000 hun d
022 |a 2560-1911 
040 |a SZTE Egyetemi Kiadványok Repozitórium  |b hun 
041 |a hun 
100 1 |a Gavallér Fanni Mara 
245 1 2 |a A magyar igazságszolgáltatás hatékonysága  |h [elektronikus dokumentum] /  |c  Gavallér Fanni Mara 
260 |a Szegedi Tudományegyetem, Állam- és Jogtudományi Kar, Összehasonlító Jogi és Jogelméleti Intézet  |b Szeged  |c 2024 
300 |a 13 
490 0 |a Comparative Law Working Papers  |v 8 No. 2 
650 4 |a Társadalomtudományok 
650 4 |a Jogtudomány 
695 |a Igazságszolgáltatás - Magyarország, Bíráskodás - Magyarország 
856 4 0 |u http://acta.bibl.u-szeged.hu/86703/1/comparative_law_2024_002_007.pdf  |z Dokumentum-elérés